01012nam a22002177a 4500999001700000003000900017008004100026040007100067082001800138100002500156245007300181260005800254300002800312505022400340650003300564650002700597650003500624942001600659945002100675952009800696 c19364d19364AR-CdUCM190517b ||||| |||| 00| 0 spa d aMUNICIPALIDAD PROVINCIAL DEL CUSCOcBIBLIOTECA MUNICIPAL DEL CUSCO a330.98 /bT32 aTeichert, Pedro C.M. aRevolución económica e industrialización en América Latina / aMéxico, D.F :bFondo de Cultura Económica,c1961. a467 páginas ;c22 cm. aContenido: Antecedentes institucionales de la América Latina -- Evolución y revolución en la política económica de la América latina -- Auge del desarrollo latinoamericano y proceso de industrialización... aDesarrollo económico91696 aAmérica Latina91130 aCondiciones económicas91989 2ddccLIBROS adavvd2019-05-17 002ddc4070aSHbSHcCARTd2019-05-17g50.00o330.98 / T32pSH0000014312r2019-05-17yLIBROS